Sajak-sajak yang dibacakan oleh A. Ghafar Ibrahim di kediaman Duta Besar Amerika Syarikat , hari Khamis 27hb. Jun 1974 (Record no. 9030)

MARC details
000 -LEADER
fixed length control field 00674nam a2200217 i 4500
001 - CONTROL NUMBER
control field C2-0071817
003 - CONTROL NUMBER IDENTIFIER
control field PPAK
005 - DATE AND TIME OF LATEST TRANSACTION
control field 20190630222202.0
008 - FIXED-LENGTH DATA ELEMENTS--GENERAL INFORMATION
fixed length control field 970429s1974 my |||| ||||| | may d
040 ## - CATALOGING SOURCE
Original cataloging agency PPAK
Language of cataloging eng
Transcribing agency PPAK
Description conventions rda
082 04 - DEWEY DECIMAL CLASSIFICATION NUMBER
Classification number 899.231
Edition number 23
090 00 - LOCALLY ASSIGNED LC-TYPE CALL NUMBER (OCLC); LOCAL CALL NUMBER (RLIN)
Classification number (OCLC) (R) ; Classification number, CALL (RLIN) (NR) 899.231
Feature heading SAJ
Feature heading KIH
245 00 - TITLE STATEMENT
Title Sajak-sajak yang dibacakan oleh A. Ghafar Ibrahim di kediaman Duta Besar Amerika Syarikat , hari Khamis 27hb. Jun 1974
264 #1 - PRODUCTION, PUBLICATION, DISTRIBUTION, MANUFACTURE, AND COPYRIGHT NOTICE
Place of production, publication, distribution, manufacture [Pulau Pinang] :
Name of producer, publisher, distributor, manufacturer [publisher not identified] ,
Date of production, publication, distribution, manufacture, or copyright notice [1974]
300 ## - PHYSICAL DESCRIPTION
Extent 24 pages ;
Dimensions 31 cm
336 ## - CONTENT TYPE
Source rdacontent
Content type term text
337 ## - MEDIA TYPE
Source rdamedia
Media type term unmediated
338 ## - CARRIER TYPE
Source rdacarrier
Carrier type term volume
650 10 - SUBJECT ADDED ENTRY--TOPICAL TERM
Topical term or geographic name entry element Malay poetry
942 ## - ADDED ENTRY ELEMENTS (KOHA)
Koha item type Book
Source of classification or shelving scheme Dewey Decimal Classification
Holdings
Withdrawn Not for loan Current library Shelving location Date acquired Total Checkouts Full call number Barcode Date last seen Koha item type
  Not For Loan Perpustakaan Alor Setar Koleksi Ismail Hussein 26/07/2010   KIH 899.231 SAJ A00177148 08/05/2018 Book